000 00432nam a2200157 4500
001 108178
003 ES-MaACL
005 20230906184608.0
007 t|
008 061121s1946 sp r ||||1| spa d
100 1 _aMontañés, Raimundo.
_982393
245 1 0 _aRimas tardías
_b: poesía /
_cRaimundo Montanés.
260 _aMadrid :
_bMediterráneo,
_c1946.
300 _a115 p. ;
_c20.
852 _aES-MaACL
_j1904-F-3
_bR.29050
999 _c108178
_d108178